Dark Knight Trilogy Actors - Statistics

General Stats
  • This quiz has been taken 148 times
  • The average score is 11 of 14
Answer Stats
Actor Character Movie(s) Featured In % Correct
Christian Bale Batman All Movies
99%
Heath Ledger The Joker The Dark Knight
97%
Tom Hardy Bane The Dark Knight Rises
96%
Michael Caine Alfred Pennyworth All Movies
94%
Anne Hathaway Catwoman The Dark Knight Rises
93%
Aaron Eckhart Harvey Dent The Dark Knight
92%
Cillian Murphy Scarecrow Batman Begins/The Dark Knight
90%
Gary Oldman Jim Gordon All Movies
84%
Joseph Gordon-Levitt Blake/Robin The Dark Knight Rises
81%
Morgan Freeman Lucius Fox All Movies
81%
Katie Holmes Rachel Dawes Batman Begins
77%
Maggie Gyllenhaal Rachel Dawes The Dark Knight
77%
Marion Cotillard Talia Al Guhl The Dark Knight Rises
38%
Liam Neeson Ra's Al Guhl Batman Begins/The Dark Knight Rises
37%
No matching quizzes found
Score Distribution
Percent of People with Each Score
Percentile by Number Answered
Your Score History
You have not taken this quiz